00497nam a2200145Ia 4500008004100000041000800041082001500049100002300064245004500087260004000132300003200172365000900204999001500213952012300228240624s9999 xx 000 0 und d aeng a658.84 JON aLUENGO JONES STEVE aALL TO ONE THE WINNING MODEL FOR MARKETI c2001aLondonbMcGraw-Hill Companies axvii, : 278 : p. : cm. ; 23 cb35 c7507d7507 00104070aIMTNbIMTNcRack 36-Bd2007-11-30eBUg34.95o658.84 JONp7507r2024-06-24 00:00:00t39.35w2024-06-24yBK